Cristóbal Colón : (Registro nro. 33303)
[ vista simple ]
| 000 -CABECERA | |
|---|---|
| campo de control de longitud fija | 00561nam a2200169 a 4500 |
| 001 - NÚMERO DE CONTROL | |
| campo de control | 000033812 |
| 005 - FECHA Y HORA DE LA ÚLTIMA TRANSACCIÓN | |
| campo de control | 20200930070535.0 |
| 008 - DATOS DE LONGITUD FIJA--INFORMACIÓN GENERAL | |
| campo de control de longitud fija | 110912s18671868sp 000 0 spa d |
| 040 ## - FUENTE DE LA CATALOGACIÓN | |
| Centro catalogador/agencia de origen | DO-SdBNP |
| Lengua de catalogación | spa |
| Centro/agencia transcriptor | BNPHU |
| 082 ## - NÚMERO DE LA CLASIFICACIÓN DECIMAL DEWEY | |
| Número de clasificación | xxxx |
| Número de documento/Ítem | L217C |
| 049 ## - FONDOS LOCALES (OCLC) | |
| Fondos de biblioteca | BNPD |
| 100 1# - ENTRADA PRINCIPAL--NOMBRE DE PERSONA | |
| Nombre de persona | Lamartine, M. Alfonso de |
| 9 (RLIN) | 59235 |
| 245 10 - MENCIÓN DE TÍTULO | |
| Título | Cristóbal Colón : |
| Resto del título | descubrimiento de Las América. / |
| Mención de responsabilidad, etc. | por M. Alfonso de Lamartine ; Urbano Manini, editor. |
| 260 ## - PUBLICACIÓN, DISTRIBUCIÓN, ETC. | |
| Lugar de publicación, distribución, etc. | Madrid : |
| Nombre del editor, distribuidor, etc. | Imp. del Norte á cargo de C. Moro, |
| Fecha de publicación, distribución, etc. | 1867-1868. |
| 300 ## - DESCRIPCIÓN FÍSICA | |
| Extensión | 4 v. ; |
| Dimensiones | 21 cm. |
| 700 1# - PUNTO DE ACCESO ADICIONAL--NOMBRE DE PERSONA | |
| Nombre de persona | Manini, Urbano |
| 9 (RLIN) | 59159 |
| Estado de retiro | Estado de pérdida | Restricciones de uso | No para préstamo | Código de colección | Localización permanente | Ubicación/localización actual | Ubicación en estantería | Fecha de adquisición | Número de inventario | Total de préstamos | Signatura topográfica completa | Código de barras | Fecha visto por última vez | Precio válido a partir de | Tipo de ítem Koha | Nota pública | Número de copia |
|---|---|---|---|---|---|---|---|---|---|---|---|---|---|---|---|---|---|
| Excluido de préstamo | Monografías: Libros y Folletos | General | General | En catalogación | 12.09.2011 | LF1 | v. 3 | 33812-30 | 25.06.2020 | 25.06.2020 | No se presta | Perteneció a la biblioteca personal de Julio Ortega Frier | |||||
| Excluido de préstamo | Monografías: Libros y Folletos | General | General | En catalogación | 12.09.2011 | LF1 | xxxx L217C | 33812-40 | 25.06.2020 | 25.06.2020 | No se presta | Perteneció a la biblioteca personal de Julio Ortega Frier | e. 4 | ||||
| Excluido de préstamo | Monografías: Libros y Folletos | Patrimonio Dominicano | Patrimonio Dominicano | En catalogación | 12.09.2011 | LF1 | v. 1 | 33812-10 | 25.06.2020 | 25.06.2020 | No se presta | Perteneció a la biblioteca personal de Julio Ortega Frier | |||||
| Excluido de préstamo | Monografías: Libros y Folletos | Patrimonio Dominicano | Patrimonio Dominicano | En catalogación | 12.09.2011 | LF1 | v. 2 | 33812-20 | 25.06.2020 | 25.06.2020 | No se presta | Perteneció a la biblioteca personal de Julio Ortega Frier |
